[Event "Titled Tue 11th Mar Early"]
[Site "chess.com INT"]
[Date "2025.03.11"]
[Round "5"]
[White "Weishaeutel, Moritz"]
[Black "Novosel, Lovro"]
[Result "1-0"]
[WhiteElo "2401"]
[BlackElo "2353"]
[PlyCount "77"]
[EventDate "2025.03.11"]

1. e4 {Horvath,Tamas} c5 2. d4 cxd4 3. c3 dxc3 4. Nxc3 Nc6 5. Nf3 e6 6. Bc4 a6 ({RR} 6... Qc7 7. O-O Nf6 8. Qe2 Ng4) 7. O-O Nge7 8. Bg5 Qc7 ({RR} 8... h6 9. Bh4 d6 10. Qe2 Qa5 ({RR} 10... Qc7 11. Rac1 Ng6 12. Bg3 Be7 13. Bb3 Qb8) 11. a3 Ng6 12. b4 Qc7 13. Bg3 Be7 14. Rac1 O-O 15. Ba2 Qb8 16. Nd2 Bd7 17. f4 Bf6 18. Qh5 b5 19. e5 dxe5 20. Nce4 Bd8 21. fxe5 ({RR} 21. f5 exf5 ({RR} 21... Nf4 22. Bxf4 exf4 23. Nc5 Bb6 24. Nde4 exf5 ({RR} 24... Qe5 25. Kh1 Bxc5 26. Nxc5 Be8 27. Rfe1 Qxf5 28. Qxf5 exf5 29. Bd5 Rc8 30. Ne6 Ne7 31. Rxc8 Nxc8 32. Nxf8 Kxf8) 25. Nf6+ gxf6 26. Qg6+ Kh8 27. Qxh6+ Kg8 28. Qg6+ Kh8 29. Qxf6+ Kg8 30. Qg5+ Kh7 31. Rxf4) 22. Qxg6 Kh8 23. Qd6) 21... Ncxe5 22. Nc5 Bc6 23. Nxe6 {Minasian,A (2580)-Ehlvest,J (2660) Yerevan 1996 CBM 053 [Horvath,Tamas] 0-1 (40)}) ({RR} 8... f6 9. Be3 Ng6 10. Nd4 Be7 11. Nxc6 bxc6 12. Qh5 O-O 13. f4 Rf7) 9. Re1 h6 $146 ({RR} 9... Ng6 10. Nd5 exd5 11. exd5+ Nce5 12. Nxe5 Nxe5 13. f4 f6 14. fxe5 fxg5 15. Rc1 Bb4 16. Rf1 Qxe5 17. a3 Be7 18. Qh5+ g6 19. Qh6 Rf8 20. Rfe1 Qf6 21. Qxh7 d6 22. Bd3 Bf5 23. Bxf5 gxf5 24. Rc7 {Weishaeutel,M (2398)-Novosel,L (2330) chess.com INT 2024 0-1 (75)}) ({RR} 9... Ng6 10. Nd5 exd5 11. exd5+ Nce5 12. Nxe5 Nxe5 13. f4 f6 14. fxe5 fxg5 15. Rc1 Bb4 16. Rf1 Qxe5 17. a3 Be7 18. Qh5+ g6 19. Qh6 Rf8 20. Rfe1 Qf6 21. Qxh7 d6 22. Bd3 Bf5 23. Bxf5 gxf5 24. Rc7 {Weishaeutel,M (2398)-Novosel,L (2330) chess.com INT 2024 0-1 (75)}) 10. Bh4 Ng6 11. Bg3 d6 12. Rc1 Be7 13. Nd5 exd5 14. exd5 O-O 15. dxc6 bxc6 16. Bd5 Bb7 17. Bxc6 Bxc6 18. Nd4 Bf6 19. Nxc6 Qd7 20. Qxd6 Qxd6 21. Bxd6 Bxb2 22. Bxf8 Bxc1 23. Bxg7 Bd2 24. Rd1 Kxg7 25. Rxd2 Rc8 26. Rc2 Ne5 27. Nd4 Rd8 28. Rd2 Kf6 29. Kf1 Nc4 30. Rd3 Ne5 31. Rd1 Nc6 32. Nxc6 Rxd1+ 33. Ke2 Ra1 34. Nb4 a5 35. Nd5+ Ke5 36. Nc3 Kd4 37. Kd2 Rh1 38. h3 Rg1 39. Ne2+ 1-0

[Event "Titled Tue 14th Feb Late"]
[Site "chess.com INT"]
[Date "2023.02.14"]
[Round "2"]
[White "Ezat, M.."]
[Black "Toktomushev, Teimur"]
[Result "1-0"]
[WhiteElo "2400"]
[BlackElo "2239"]
[PlyCount "49"]
[EventDate "2023.02.14"]

1. e4 c5 2. d4 cxd4 3. c3 dxc3 4. Nxc3 e6 5. Nf3 Nc6 6. Bc4 Bb4 7. O-O Nge7 8. Qe2 O-O 9. Rd1 Bxc3 ({RR} 9... Ng6 10. Bg5 Be7 11. Bxe7 Qxe7 12. Nb5 a6 13. Nd6 b5 14. Bb3 Rb8 15. Rac1 Bb7 16. e5 Ba8 17. Bc2 f5 18. exf6 Rxf6 19. Ne4 Rf5 20. h4 Nxh4 21. Nxh4 Qxh4 22. Rd3 Qf4 23. Rcd1 Ne5 24. Rg3 {Weishaeutel,M (2401)-Giri,A (2733) chess.com INT 2024 0-1 (66)}) ({RR} 9... Ng6 10. Bg5 Be7 11. Bxe7 Qxe7 12. Nb5 d5 13. exd5 exd5 14. Qxe7 Ngxe7 15. Nc7 Rb8 16. Nxd5 Nxd5 17. Bxd5 Bg4 18. a3 Rfd8 19. Rac1 Bxf3 20. Bxf3 Nd4 21. Bg4 f5 22. Rc4 Rbc8 23. Rdxd4 Rxc4 24. Rxd8+ {Weishaeutel,M (2401)-Micic,A (2202) chess.com INT 2025 1-0}) 10. bxc3 d5 11. Bg5 Qc7 $146 ({RR} 11... Qa5 12. exd5 Nxd5 13. Bxd5 exd5 14. Rab1 b6 15. Nd4 Qxc3 16. Nb5 Qe5 17. Qxe5 Nxe5 18. Nc7 Bf5 19. Rbc1 Rac8 20. Nxd5 Rxc1 21. Rxc1 Be6 22. Ne7+ Kh8 23. Rc7 a5 24. Nc6 Nd3 25. Nd4 Bxa2 26. Rb7 {Ipekyilmaz,E-Huebner,W Germany 1991 0-1}) 12. Bb3 b6 13. Rac1 Bb7 14. exd5 Nxd5 15. Bxd5 exd5 16. Rxd5 f6 17. Qe6+ Kh8 18. Rd7 Qc8 19. Rcd1 fxg5 20. Nxg5 Qe8 21. Qxe8 Rfxe8 22. Rxb7 Rad8 23. Nf7+ Kg8 24. Nxd8 Nxd8 25. Rb8 1-0

[Event "Titled Tuesday intern op 15th Feb Late"]
[Site "Chess.com INT"]
[Date "2022.02.15"]
[Round "2"]
[White "Plotkin, Mark"]
[Black "Sarana, Alexey"]
[Result "1-0"]
[WhiteElo "2400"]
[BlackElo "2685"]
[PlyCount "107"]
[EventDate "2022.02.15"]
[EventType "swiss (blitz)"]
[EventRounds "11"]
[EventCountry "USA"]
[SourceTitle "CBM 206 Extra"]
[Source "ChessBase"]
[SourceDate "2022.03.31"]
[SourceVersion "1"]
[SourceVersionDate "2022.03.31"]
[SourceQuality "1"]

1. e4 c5 2. d4 cxd4 3. c3 dxc3 4. Nxc3 Nc6 5. Nf3 d6 6. Bc4 e6 7. O-O Nf6 8. Bg5 Be7 ({RR} 8... a6 9. Qe2 Be7 10. Rfd1 Qc7 11. Rac1 Qb8 12. Bb3 Bd7 13. Rd2 O-O 14. e5 Ne8 15. exd6 Bxg5 16. Nxg5 h6 17. Nge4 e5 18. Nd5 Nd4 19. Qh5 Nxd6 20. Nef6+ Kh8 21. Nxd7 Qd8 22. Nxf8 Ne4 23. Rxd4 {Flom,G (2434)-Dimitrov,R (2403) Bastia 2012 1-0}) 9. Qe2 ({RR} 9. Qd2 O-O 10. Rfe1 e5 11. Rad1 Bg4 12. Bxf6 Bxf6 13. Qxd6 Bxf3 14. gxf3 Qxd6 15. Rxd6 Rfd8 16. Rxd8+ Bxd8 17. Rd1 Nd4 18. f4 Rc8 19. b3 Bf6 20. Nd5 Kf8 21. fxe5 Nf3+ 22. Kg2 Nxe5 23. Be2 Ng6 {Dyulgerov,V (2181)-Ganzhurov,R (2082) chess.com INT 2025 0-1 (46)}) 9... O-O 10. Rfd1 Bd7 $146 ({RR} 10... a6 11. e5 Ne8 12. exd6 Bxg5 13. Nxg5 Qxg5 14. d7 Nf6 15. dxc8=R Raxc8 16. Rd3 Rfd8 17. Rad1 Qa5 18. Rg3 Rxd1+ 19. Qxd1 Qd8 20. Rd3 Qe7 21. Bb3 Rd8 22. Bc2 Kf8 23. Rxd8+ Qxd8 24. Qxd8+ Nxd8 25. a3 {Kavcic,U-Ivanovic,A Slovenia 1993 0-1 (67)}) 11. Bxf6 Bxf6 12. Rxd6 Be7 13. Rd2 Qc8 14. Rad1 Rd8 15. e5 Be8 16. Bd3 Qc7 17. Qe4 g6 18. h4 Rac8 19. a3 Na5 20. Qf4 Nb3 21. Rc2 Nc5 22. Be2 Rxd1+ 23. Nxd1 Qd8 24. Ne3 Bc6 25. Ng4 Bxf3 26. Bxf3 Qf8 27. h5 g5 28. Nf6+ Bxf6 29. Qxf6 h6 30. Rd2 Qg7 31. Rd8+ Rxd8 32. Qxd8+ Qf8 33. Qc7 a6 34. Bxb7 a5 35. b4 axb4 36. axb4 Nd3 37. b5 Qa3 38. Qd8+ Kg7 39. Qf6+ Kg8 40. Kh2 Qa5 41. Qxh6 Qd2 42. Qf6 Nxf2 43. Bf3 Nd3 44. h6 Qf4+ 45. Qxf4 gxf4 46. b6 Nc5 47. b7 Nd7 48. Be4 f5 49. exf6 Kf7 50. h7 Kxf6 51. h8=Q+ Ke7 52. b8=Q Nxb8 53. Qxb8 Kf6 54. Qd6 1-0

[Event "4NCL-ch rapid"]
[Site "Newport Pagnell"]
[Date "2010.10.10"]
[Round "9"]
[White "Rendle, Thomas E"]
[Black "Sherwin, James T"]
[Result "1-0"]
[WhiteElo "2400"]
[BlackElo "2246"]
[PlyCount "102"]
[EventDate "2010.10.10"]
[EventType "swiss (rapid)"]
[EventRounds "9"]
[EventCountry "ENG"]
[SourceTitle "CBM 138 Extra"]
[Source "ChessBase"]
[SourceDate "2010.10.29"]
[SourceVersion "1"]
[SourceVersionDate "2010.10.29"]
[SourceQuality "1"]

1. e4 c5 2. Nc3 Nc6 3. Bb5 g6 4. Bxc6 dxc6 5. f4 Bg7 6. Nf3 Nf6 7. O-O O-O 8. d3 b6 9. Qe1 c4 ({RR} 9... Ne8 10. Be3 Nc7 11. Qh4 f6 12. Rad1 Nb5 13. Ne2 Qe8 14. c4 Nd6 15. g4 Nf7 16. Kh1 Qd7 17. Rg1 e5 18. f5 g5 19. Qf2 Re8 20. h4 h6 21. Ng3 Kf8 22. Nh5 Bh8 23. Rg2 a5 24. b3 {Hernandez Guerrero,G (2547)-Cubas,J (2485) Caioba 2019 1-0 (34)}) ({RR} 9... Qc7 10. Qh4 Ng4 11. h3 Bf6 12. Qe1 Bd4+ 13. Nxd4 cxd4 14. hxg4 dxc3 15. Qh4 Qd7 16. bxc3 Qxg4 17. Qxe7 Be6 18. Qf6 Qh5 19. f5 gxf5 20. exf5 Bd5 21. c4 Bxg2 22. Bb2 {1-0 (22) Lanzilotta,F (1854)-Comas,M (1716) Montevideo URU 2025}) 10. dxc4 Ba6 11. e5 $146 ({RR} 11. Qh4 Bxc4 12. Rd1 Qc8 13. f5 gxf5 14. e5 Ne4 15. Ng5 Nxg5 16. Bxg5 Qe6 17. Bxe7 Bxe5 18. Bxf8 Rxf8 19. Rd8 Bxc3 20. bxc3 h6 21. Rxf8+ Kxf8 22. Re1 {1-0 (22) Dobrowolski,P (2413)-Ragger,A (2152) Pardubice 2007}) 11... Ng4 12. Qe4 Qc8 13. b3 Nh6 14. Bb2 Bb7 15. c5 bxc5 16. Na4 Ba6 17. c4 Qc7 18. Nxc5 Bc8 19. Bd4 Nf5 20. Bf2 h5 21. Rad1 Nh6 22. h3 Bf5 23. Qe2 Rad8 24. Nd4 Bc8 25. Qf3 Rxd4 26. Bxd4 Nf5 27. Bf2 h4 28. Rd2 Bh6 29. Rfd1 Ng3 30. Bxg3 hxg3 31. Qxg3 Qb6 32. Qf2 Bxf4 33. Qxf4 Qxc5+ 34. Qd4 Qa5 35. Qe3 Be6 36. Rd4 Qc5 37. Kh1 Kg7 38. b4 Qb6 39. c5 Qa6 40. Rh4 f6 41. Qh6+ Kf7 42. Qh7+ Ke8 43. Qxg6+ Bf7 44. Qg4 f5 45. Qxf5 Bd5 46. Qg6+ Kd7 47. Rxd5+ Kc7 48. Qd3 Qxa2 49. Rd7+ Kc8 50. Rxe7 Qb1+ 51. Qxb1 Rh8 1-0

[Event "Titled Tue 6th Aug Early"]
[Site "chess.com INT"]
[Date "2024.08.06"]
[Round "9"]
[White "Weishaeutel, Moritz"]
[Black "Timerkhanov, Alexander"]
[Result "1-0"]
[WhiteElo "2400"]
[BlackElo "2291"]
[PlyCount "137"]
[EventDate "2024.08.06"]

1. e4 c5 2. d4 cxd4 3. c3 dxc3 4. Nxc3 e6 5. Nf3 a6 6. Bc4 Ne7 7. O-O Ng6 8. Bg5 ({RR} 8. e5 d6 9. exd6 Bxd6 10. Qe2 O-O 11. Ng5 h6 12. Nf3 Nc6 13. Be3 b5 14. Bd3 Nce5 15. Be4 Rb8 16. Nxe5 Nxe5 17. Rad1 Qe7 18. f4 Nc4 19. Bc1 Bb7 20. Bxb7 Qxb7 21. Ne4 Be7 22. b3 Nb6 {Mushini,A (2384)-Timerkhanov,A (2308) chess.com INT 2024 0-1 (58)}) 8... Be7 9. Bxe7 Qxe7 10. e5 ({RR} 10. Re1 O-O 11. Rc1 b5 12. Bb3 Bb7 13. Nd4 Nc6 14. Bc2 Rac8 15. h3 Qb4 16. Nb3 Rfd8 17. Qg4 Nce5 18. Qg3 Nc4 19. Rb1 a5 20. f4 a4 21. Nc1 Nxb2 22. Nd3 Qxc3 23. Rxb2 a3 24. Rxb5 Qxc2 {Kriti,M (1706)-Mansurova,M (1765) chess.com INT 2024 0-1 (48)}) 10... Nc6 $146 ({RR} 10... O-O 11. Ne4 Nc6 12. Nd6 Ncxe5 13. Nxe5 Nxe5 14. Rc1 Rb8 15. Bb3 b6 16. f4 Nc6 17. f5 Ne5 18. Rc3 f6 19. Rc7 Kh8 20. fxe6 Qd8 21. Qc2 dxe6 22. Rd1 Bd7 23. Nb7 Qe7 24. Rdxd7 Nxd7 25. h3 {Kis,B (2041)-Domany,Z (2192) Hungary 2010 0-1 (33)}) 11. Re1 O-O 12. Bd3 d5 13. exd6 Qxd6 14. Bxg6 Qxd1 15. Bxf7+ Kxf7 16. Raxd1 h6 17. Ne5+ Nxe5 18. Rxe5 Ke7 19. Rc5 b5 20. Rc7+ Kf6 21. Ne4+ Kg6 22. f3 a5 23. Rd6 b4 24. Nc5 Re8 25. Nd3 Kf6 26. f4 Ra6 27. Ne5 Kf5 28. Rxc8 Rxc8 29. Rxa6 Kxf4 30. Rc6 Rd8 31. Nf3 Rd1+ 32. Kf2 Rb1 33. Rc2 e5 34. g3+ Kf5 35. Re2 Ra1 36. Rxe5+ Kg4 37. Kg2 g5 38. h3+ Kh5 39. Re6 g4 40. hxg4+ Kxg4 41. Re4+ Kf5 42. Re5+ Kg4 43. Rxa5 b3 44. Ra4+ Kf5 45. axb3 Rb1 46. Rf4+ Kg6 47. Nh4+ Kg5 48. Rf2 Kg4 49. Nf3 h5 50. Nh2+ Kg5 51. b4 Rc1 52. b5 Rc4 53. Nf1 Rb4 54. Ne3 Kg6 55. Kf3 Rxb5 56. Ke4 Rb3 57. Rc2 Rb4+ 58. Nc4 Rb3 59. Rc3 Rb4 60. b3 Kg5 61. Kd4 Kg4 62. Kc5 Rb8 63. b4 Rc8+ 64. Kd6 Rd8+ 65. Kc7 Rd1 66. b5 Rb1 67. b6 h4 68. gxh4 Kxh4 69. b7 1-0